Načítá se...

New approach to the vedas An essay in translation and exegesis. /

Podrobná bibliografie
Hlavní autor: Coomaraswamy, Ananda K.
Jazyk:Undetermined
Vydáno: 1933.
Témata:
LEADER 00457nam a2200133Ia 4500
001 69474
008 170722s9999 xx 000 0 und d
100 |a Coomaraswamy, Ananda K. 
245 |a New approach to the vedas  |b An essay in translation and exegesis. / 
260 |c 1933. 
653 |a Vedic Hinduism 
942 |c GEN 
999 |c 30821  |d 30821 
952 |0 0  |1 0  |4 0  |6 Q_1_000000000000000_G3_CR  |7 0  |8 CR  |9 38244  |a LIB  |b LIB  |d 2017-08-12  |o Q1 G3 (CR)  |p 13702  |r 2017-08-12  |w 2017-08-12  |y GEN